000 00689nam a2200265Ia 4500
005 20260121170403.0
008 008 260114s9999 xx 000 0 eng d
020 _a9789811077548
037 _aEBOOK
040 _aCRL
040 _beng
040 _cCRL
041 _2eng
041 _aeng
084 _qCRL
100 _aZainal Ambri Abdul Karim, Shaharin Anwar Bin Sulaiman
_91063260
245 0 _aAlternative Fuels for Compression Ignition Engines
260 _bSpringer
260 _bSpringer
260 _c2018
856 _uhttps://link.springer.com/openurl?genre=book&isbn=978-981-10-7754-8
942 _cEBOOK
999 _c1628989
_d1628989